El sentido de la cultura a través de la Edad Media, del Renacimiento y del socialismo contemporáneo / (Record no. 135868)

MARC details
000 -LEADER
campo de control de longitud fija 00595nam a2200169 4500
001 - NÚMERO DE CONTROL
campo de control 135868
003 - IDENTIFICADOR DE NÚMERO DE CONTROL
campo de control ES-MaACL
005 - FECHA Y HORA DE LA ÚLTIMA TRANSACCIÓN
campo de control 20250930063122.0
007 - CAMPO FIJO DE DESCRIPCIÓN FÍSICA--INFORMACIÓN GENERAL
campo de control de longitud fija t|
008 - DATOS DE LONGITUD FIJA--INFORMACIÓN GENERAL
campo de control de longitud fija 070214s1928 sp r ||||1| spa d
100 1# - ENTRADA PRINCIPAL--NOMBRE DE PERSONA
Nombre de persona Ruiz del Castillo y Catalán de Ocón, Carlos,
Fechas asociadas al nombre 1896-1984
9 (RLIN) 100778
245 13 - MENCIÓN DEL TÍTULO
Título El sentido de la cultura a través de la Edad Media, del Renacimiento y del socialismo contemporáneo /
Mención de responsabilidad, etc. Carlos Ruiz del Castillo.
260 ## - PUBLICACIÓN, DISTRIBUCIÓN, ETC.
Lugar de publicación, distribución, etc. Santiago :
Nombre del editor, distribuidor, etc. El Eco Franciscano,
Fecha de publicación, distribución, etc. 1928.
300 ## - DESCRIPCIÓN FÍSICA
Extensión 24 p. ;
Dimensiones 27 x 19 cm.
852 ## - LOCALIZACIÓN
Ubicación ES-MaACL
Número de control de estantería 1725-F-11
Holdings
Estatus retirado Estado de pérdida Estado de daño No para préstamo Colección Biblioteca de origen Biblioteca actual Ubicación en estantería Fecha de adquisición Fuente de adquisición Total de préstamos Signatura topográfica completa Código de barras Visto por última vez Precio de reemplazo Tipo de ítem Koha
        Colección de folletos Biblioteca del Ateneo de Madrid Biblioteca del Ateneo de Madrid Depósito folletos 17/01/2008     1725-F-11 1141410 23/02/2023 23/02/2023 Folleto